书目信息 |
| 题名: |
解放
|
|
| 作者: | 葛帮宁 著 | |
| 分册: | ||
| 出版信息: | 北京 中国工人出版社 2019 |
|
| 页数: | 286页, [16] 页图版 | |
| 开本: | 24cm | |
| 丛书名: | 汽车记忆系列丛书 | |
| 单 册: | ||
| 中图分类: | F426.471 , F426.47 | |
| 科图分类: | ||
| 主题词: | 汽车工业--qi che gong ye--工业史--吉林省--长春市 | |
| 电子资源: | ||
| ISBN: | 978-7-5008-7122-4 | |
| 000 | 01335nam 2200289 450 | |
| 001 | 2331974936 | |
| 005 | 20230929085313.88 | |
| 010 | @a978-7-5008-7122-4@dCNY68.00 | |
| 100 | @a20190426d2019 em y0chiy50 ea | |
| 101 | 0 | @achi |
| 102 | @aCN@b110000 | |
| 105 | @aaf z 000yy | |
| 200 | 1 | @a解放@Ajie fang@e中国第一个汽车品牌的前世今生@f葛帮宁著 |
| 210 | @a北京@c中国工人出版社@d2019 | |
| 215 | @a286页, [16] 页图版@c图 (部分彩图)@d24cm | |
| 225 | 2 | @a汽车记忆系列丛书@Aqi che ji yi xi lie cong shu |
| 314 | @a葛帮宁,从事汽车行业报道十余年,长期采写中国汽车人口述历史稿件。迄今为止,已寻访百余位中国汽车人。2016年,出版《红旗》,由中共中央政治局原常委、国务院原副总理李岚清作序。 | |
| 330 | @a本书通过口述历史的形式,全景披露作为共和国长子的汽车品牌解放的前世今生,真实展现第一代汽车人是如何坚守工匠精神,在时间紧、任务重的情况下,三年建成一汽汽车厂、制造出解放汽车,结束了我国不能生产汽车的历史。 | |
| 333 | @a汽车工业史爱好者及相关读者。 | |
| 410 | 0 | @12001 @a汽车记忆系列丛书 |
| 517 | 1 | @a中国第一个汽车品牌的前世今生@Azhong guo di yi ge qi che pin pai de qian shi jin sheng |
| 606 | 0 | @a汽车工业@Aqi che gong ye@x工业史@y吉林省@y长春市 |
| 690 | @aF426.471@v5 | |
| 690 | @aF426.47@v4 | |
| 701 | 0 | @a葛帮宁@Age bang ning@4著 |
| 801 | 0 | @aCN@b山东中教书店首都发行所有限公司@c20230928 |
| 905 | @aBZT@dF426.47@e3 | |
| 解放:中国第一个汽车品牌的前世今生/葛帮宁著.-北京:中国工人出版社,2019 |
| 286页, [16] 页图版:图 (部分彩图);24cm.-(汽车记忆系列丛书) |
| 使用对象:汽车工业史爱好者及相关读者。 |
| ISBN 978-7-5008-7122-4:CNY68.00 |
| 本书通过口述历史的形式,全景披露作为共和国长子的汽车品牌解放的前世今生,真实展现第一代汽车人是如何坚守工匠精神,在时间紧、任务重的情况下,三年建成一汽汽车厂、制造出解放汽车,结束了我国不能生产汽车的历史。 |
| ● |
| 相关链接 |
|
|
|
正题名:解放
索取号:F426.47/3
 
预约/预借
| 序号 | 登录号 | 条形码 | 馆藏地/架位号 | 状态 | 备注 |
| 1 | 2000971703 | 2000971703 | 315书库/四6架A面1层3列/ [索取号:F426.47/3] | 在馆 | |
| 2 | 2000971704 | 2000971704 | 315书库/四6架A面1层3列/ [索取号:F426.47/3] | 在馆 | |
| 3 | 2000971705 | 2000971705 | 315书库/四6架A面1层3列/ [索取号:F426.47/3] | 在馆 | |
| 4 | 2000971706 | 2000971706 | 315书库/四6架A面1层3列/ [索取号:F426.47/3] | 在馆 | |
| 5 | 2000971707 | 2000971707 | 315书库/四6架A面1层3列/ [索取号:F426.47/3] | 在馆 | |
| 6 | 2000971708 | 2000971708 | 315书库/四6架A面1层3列/ [索取号:F426.47/3] | 在馆 |